[Event "Nis"]
[Site "Nis"]
[Date "1983.??.??"]
[Round "2"]
[White "Abramovic, Bosko"]
[Black "Marjanovic, Slavoljub"]
[Result "1-0"]
[WhiteElo "2480"]
[BlackElo "2465"]

1.e4 c5 2.Nf3 e6 3.d4 cxd4 4.Nxd4 Nc6 5.Nc3 Qc7 6.Be2 a6 7.O-O Nf6 8.Kh1 Bb4
9.Bg5 Bxc3 10.Bxf6 gxf6 11.bxc3 Ne7 12.Qe1 d5 13.f3 h5 14.Bd3 h4 15.h3 e5
16.Ne2 f5 17.Rd1 Be6 18.Nd4 f4 19.Nxe6 fxe6 20.Rb1 Kf7 21.a4 Rag8 22.Rf2 Rg3
23.a5 Rh5 24.exd5 exd5 25.c4 e4 26.fxe4 dxc4 27.Be2 Rxa5 28.Bxc4+ Kg7 29.Rxb7 Qxb7
30.Qxa5 Qxe4 31.Qa1+ Kh6 32.Bd3 Rxh3+ 33.Kg1 Rxd3 34.cxd3 Qxd3 35.Qh8+ Kg6
36.Qe8+ Kf6 37.Rxf4+ Kg5 38.Rf2 Qd1+ 39.Rf1 Qd4+ 40.Kh1 Qe4 41.Qd7 Nf5 42.Qd2+ Kg4
43.Re1 Qc6 44.Qd1+ Kg3 45.Qd3+ Kg4 46.Qe4+ Qxe4 47.Rxe4+ Kg3 48.Re5 Nh6 49.Re3+ Kg4
50.Kh2 Nf7 51.Ra3 Ng5 52.Rxa6 Nf7 53.Ra4+ Kh5 54.Kg1 Kg5 55.Kf2 Ne5 56.Ra8 Kf4
57.Rf8+ Kg4 58.Ra8 Kf5 59.Ra4 Ng4+ 60.Ke2 Kg5 61.Kf3 Nh2+ 62.Ke3 Ng4+ 63.Ke4 h3
64.gxh3 Nf6+ 65.Kf3  1-0

[Event "Nis"]
[Site "Nis"]
[Date "1983.??.??"]
[Round "3"]
[White "Inkiov, Ventzislav"]
[Black "Schmidt, Wlodzimierz"]
[Result "1/2-1/2"]
[WhiteElo "2500"]
[BlackElo "2450"]

1.e4 c5 2.Nf3 e6 3.d4 cxd4 4.Nxd4 Nc6 5.Nc3 a6 6.g3 d6 7.Bg2 Bd7 8.O-O Nf6
9.h3 Be7 10.Nde2 Qc7 11.g4 h6 12.f4 g5 13.Ng3 gxf4 14.Bxf4  1/2-1/2

[Event "Nis"]
[Site "Nis"]
[Date "1983.??.??"]
[Round "3"]
[White "Marjanovic, Slavoljub"]
[Black "Ilic, Zoran"]
[Result "1/2-1/2"]
[WhiteElo "2465"]
[BlackElo "2430"]

1.e4 c5 2.Nf3 e6 3.d4 cxd4 4.Nxd4 Nc6 5.Nc3 d6 6.Be3 Nf6 7.f4 Be7 8.Qf3 Bd7
9.Bd3 O-O 10.O-O e5 11.Nxc6 Bxc6 12.Kh1 Qa5 13.a3 a6 14.Rad1 Kh8 15.Qh3 Rad8
16.Bd2 Qc7 17.Rde1 b5  1/2-1/2

[Event "Nis"]
[Site "Nis"]
[Date "1983.??.??"]
[Round "5"]
[White "Marjanovic, Slavoljub"]
[Black "Schmidt, Wlodzimierz"]
[Result "1/2-1/2"]
[WhiteElo "2465"]
[BlackElo "2450"]

1.e4 c5 2.Nf3 e6 3.d4 cxd4 4.Nxd4 Nc6 5.Nc3 a6 6.Be2 d6 7.O-O Nf6 8.Be3 Be7
9.f4 O-O 10.Qe1 Nxd4 11.Bxd4 b5 12.Rd1 Bb7 13.Bf3 Qc7 14.e5 dxe5 15.fxe5 Nd7
16.Bxb7 Qxb7 17.Ne4 Qc7 18.Qg3 Rad8 19.c3 f5 20.exf6 Qxg3 21.f7+ Rxf7 22.Nxg3 Rxf1+
23.Kxf1 Nf6 24.Re1 Kf7 25.Ne4 Rd5 26.h3 Rf5+ 27.Kg1 Nxe4 28.Rxe4 Bd6 29.Bf2 h5
30.a4 Rd5 31.axb5 axb5 32.Kf1 Rd1+ 33.Re1 Rd2 34.Re2 Rd1+ 35.Re1 Rd2 36.Re2 Rd1+  1/2-1/2

[Event "SVK-ch"]
[Site "Nova Bana"]
[Date "1983.??.??"]
[Round "8"]
[White "Privara, Igor"]
[Black "Petrik, Stanislav"]
[Result "1-0"]
[WhiteElo "2255"]
[BlackElo "2200"]

1.e4 c5 2.Nf3 Nc6 3.d4 cxd4 4.Nxd4 e6 5.Nc3 Qc7 6.g3 a6 7.Bg2 Nf6 8.O-O Be7
9.Re1 d6 10.Nxc6 bxc6 11.e5 dxe5 12.Rxe5 O-O 13.Bf4 Qb7 14.Re2 Nd5 15.Be5 Rd8
16.Rd2 f6 17.Bd4 Nxc3 18.Bxc3 Rxd2 19.Qxd2 e5 20.Qe2 Bd7 21.f4 Qb5 22.Qxb5 axb5
23.fxe5 Bc5+ 24.Kh1 b4 25.Be1 fxe5 26.Be4 Be8 27.Kg2 Ra6 28.Bd3 Ra4 29.Bc4+ Bf7
30.Bxf7+ Kxf7 31.Bf2 Bd6 32.Kf3 Ke6 33.b3 Ra8 34.Ke4 g6 35.Be1 Rf8 36.c3 c5
37.a3 bxa3 38.Rxa3 Rf1 39.Bd2 Rb1 40.Be3 c4 41.b4 Re1 42.Ra6 h5 43.Rc6 g5
44.Rxc4 g4 45.Rc6 Kd7 46.b5 Be7 47.Kd3 Rh1 48.Rh6 Rxh2 49.b6 Bd6 50.c4 e4+
51.Kxe4 Bxg3 52.c5 h4 53.c6+ Ke8 54.Rh8+ Ke7 55.c7  1-0

[Event "Nordic-tt"]
[Site "Oslo"]
[Date "1983.??.??"]
[Round "?"]
[White "Laitinen, Leena"]
[Black "Fischdick, Gisela"]
[Result "0-1"]
[WhiteElo "1885"]
[BlackElo "2290"]

1.e4 c5 2.Nf3 e6 3.d4 cxd4 4.Nxd4 Nc6 5.Nc3 Qc7 6.Nf3 a6 7.a4 Nf6 8.Bd3 Be7
9.O-O d6 10.h3 Bd7 11.Be3 Rc8 12.Qe2 O-O 13.Rfd1 Nb4 14.Rac1 e5 15.Nd2 Be6
16.f4 exf4 17.Bxf4 Nxd3 18.Qxd3 Qb6+ 19.Kh1 Qxb2 20.Ne2 d5 21.e5 Nd7 22.Qg3 Rfe8
23.c3 Qa2 24.Nd4 Nf8 25.Ra1 Qb2 26.Rdc1 Qb6 27.N2f3 Ng6 28.Bg5 Qc7 29.Nxe6 fxe6
30.Bxe7 Rxe7 31.Qg5 Rf8 32.Qh5 Rf5 33.Ng5 h6 34.Qxg6 Rxg5 35.Qd3 Qxe5 36.c4 Rg3
37.Qd2 Qe3 38.Qd1 Qe4 39.Rc2 Rxh3+ 40.Kg1 Qe3+ 41.Rf2 Rf7 42.Ra2  0-1

[Event "Nordic-tt"]
[Site "Oslo"]
[Date "1983.??.??"]
[Round "?"]
[White "Hoiberg, Nina"]
[Black "Cramling, Pia"]
[Result "0-1"]
[WhiteElo "2100"]
[BlackElo "2355"]

1.e4 c5 2.Nf3 e6 3.d4 cxd4 4.Nxd4 Nc6 5.Nc3 a6 6.Be3 Qc7 7.Qd2 Nf6 8.Be2 Bb4
9.f3 d5 10.Nxc6 bxc6 11.e5 Nd7 12.a3 Bxc3 13.Qxc3 Qxe5 14.Bd4 Qd6 15.Bxg7 Rg8
16.f4 Qxf4 17.Rf1 Qxh2 18.O-O-O Bb7 19.Rde1 c5 20.Bf3 Rb8 21.Be5 Nxe5 22.Rxe5 Qf4+
23.Kb1 Kd7 24.Be2 Qd4 25.Rxf7+ Kd6 26.Qa5 Rgc8 27.Rh5 Bc6 28.b3 c4 29.b4 Rb5
30.Qa4 a5 31.c3 Qxc3 32.Qc2 Qxa3 33.Rxd5+  0-1

[Event "BUL-ch"]
[Site "Pernik"]
[Date "1983.??.??"]
[Round "3"]
[White "Ermenkov, Evgenij"]
[Black "Semkov, Semko"]
[Result "0-1"]
[WhiteElo "2425"]
[BlackElo "2375"]

1.e4 c5 2.Ne2 Nc6 3.d4 cxd4 4.Nxd4 e6 5.Nc3 d6 6.Be2 Nf6 7.O-O Be7 8.Kh1 O-O
9.f4 Bd7 10.Nb3 Qc7 11.Bf3 Rfd8 12.Qe2 Be8 13.g4 Nd7 14.g5 a6 15.Bg2 b5 16.a3 Rab8
17.Be3 Nb6 18.Rae1 Na4 19.Nd1 a5 20.f5 b4 21.Nf2 bxa3 22.bxa3 Ne5 23.Nd4 Nc3
24.Qh5 Nb5 25.f6 g6 26.Qh4 Bf8 27.Nf3 Nxa3 28.Nxe5 dxe5 29.Ng4 a4 30.Rc1 Nc4
31.Nh6+ Kh8 32.Rf3 Nxe3 33.Rxe3 Rb3 34.c3 a3 35.Rh3 a2 36.Bf1 Rb1 37.Nf5 h5
38.Ng3 Rd3 39.Bxd3 Rxc1+ 40.Kg2 a1=Q 41.Nxh5 Rg1+ 42.Kf3 Qd1+ 43.Be2 Qxc3+  0-1

[Event "EU-chT Plovdiv"]
[Site "Plovdiv"]
[Date "1983.??.??"]
[Round "5"]
[White "Mestel, A Jonathan"]
[Black "Bischoff, Klaus"]
[Result "1-0"]
[WhiteElo "2505"]
[BlackElo "2445"]

1.e4 c5 2.Nf3 e6 3.d4 cxd4 4.Nxd4 Nc6 5.Nc3 Qc7 6.g3 a6 7.Bg2 Nf6 8.O-O Be7
9.Re1 Nxd4 10.Qxd4 Bc5 11.Qd1 d6 12.Na4 Ba7 13.b3 O-O 14.c4 e5 15.Ba3 Bd4
16.Rc1 Ng4 17.Rf1 f5 18.c5 d5 19.exd5 f4 20.Bb2 f3 21.Bxf3 Nxf2 22.Qe2 Rxf3
23.Bxd4 Bg4 24.Bxe5 Nh3+ 25.Kg2 Rxf1 26.Bxc7 Bxe2 27.Rxf1 Bxf1+ 28.Kxf1 Ng5
29.Bf4 Nf7 30.Nb6 Rf8 31.h4 h6 32.h5 Nd8 33.Ke2 Kf7 34.Kd3 Re8 35.Bc7 Ke7
36.Ke4 Rg8 37.Bd6+ Kf7 38.Nd7 Ke8 39.Nb6 g6 40.hxg6 Rxg6 41.b4 h5 42.Kf5 Rg7
43.Be5 Rg8 44.a4  1-0

[Event "Rubinstein mem"]
[Site "Polanica Zdroj"]
[Date "1983.??.??"]
[Round "1"]
[White "Flis, Jacek"]
[Black "Kruszynski, Wlodzimierz"]
[Result "1-0"]
[WhiteElo "2410"]
[BlackElo "2435"]

1.e4 c5 2.Nf3 e6 3.d4 cxd4 4.Nxd4 Nc6 5.Nc3 a6 6.Be2 Qc7 7.O-O Nf6 8.Kh1 Be7
9.f4 d6 10.Be3 O-O 11.Qe1 Nxd4 12.Bxd4 b5 13.a3 Bb7 14.Qg3 g6 15.Bf3 Bc6
16.f5 e5 17.Be3 Qb7 18.Bg5 Kg7 19.Rad1 Rad8 20.Rd2 b4 21.axb4 Qxb4 22.Qh4 Rfe8
23.Bd1 Rf8 24.Rdf2 Qxb2 25.fxg6 fxg6 26.Rxf6 Bxf6 27.Bxf6+ Kg8 28.Bg4 Rde8
29.Qh3 h5 30.Bd1 Rf7 31.Qg3 Kh7 32.Bxh5 gxh5 33.Qf3 Rxf6 34.Qxf6 Qxc3 35.Qf7+ Kh8
36.Qf6+ Kg8 37.Qf7+ Kh8 38.h3 Qxc2 39.Qxh5+ Kg8 40.Qg6+ Kh8 41.Qh6+ Kg8 42.Qg5+ Kh8
43.Rf7 Qxg2+ 44.Qxg2  1-0

[Event "Rubinstein mem"]
[Site "Polanica Zdroj"]
[Date "1983.??.??"]
[Round "6"]
[White "Lukov, Valentin"]
[Black "Kruszynski, Wlodzimierz"]
[Result "1-0"]
[WhiteElo "2465"]
[BlackElo "2435"]

1.e4 c5 2.Nf3 e6 3.d4 cxd4 4.Nxd4 Nc6 5.Nc3 a6 6.Nxc6 bxc6 7.Bd3 d5 8.O-O Nf6
9.Re1 Be7 10.e5 Nd7 11.Qg4 g6 12.Bh6 Rb8 13.Qh3 Rb4 14.f4 Rg8 15.b3 Nc5 16.Kh1 a5
17.a3 Rb8 18.Nd1 Ba6 19.Bxa6 Nxa6 20.Nf2 Nc5 21.Rad1 Qb6 22.Ng4 Nd7 23.Bg5 h5
24.Nf6+ Bxf6 25.exf6 Nf8 26.f5 gxf5 27.Qxf5 Kd7 28.Qe5 Ng6 29.Qe2 Qc5 30.c4 Rxb3
31.cxd5 cxd5 32.Rc1 Qb6 33.Qxh5 Rh8 34.Qg4 Rxa3 35.h3 Rb3 36.Red1 Qb5 37.Qd4 Ra8
38.Rc5 Qb7 39.Qa4+ Kd8 40.Bd2 Rb4 41.Bxb4 axb4 42.Ra5 Rb8 43.Ra7 Qb5 44.Qxb5 Rxb5
45.Rxf7 b3 46.Ra1 Rb8 47.Rg7 Nf8 48.g4 d4 49.Kg2 b2 50.Rb1 e5 51.g5 e4 52.Rg8  1-0

[Event "Rubinstein mem"]
[Site "Polanica Zdroj"]
[Date "1983.??.??"]
[Round "10"]
[White "Ardiansyah, Haji"]
[Black "Kruszynski, Wlodzimierz"]
[Result "1/2-1/2"]
[WhiteElo "2450"]
[BlackElo "2435"]

1.e4 c5 2.Nf3 e6 3.d4 cxd4 4.Nxd4 Nc6 5.Nc3 a6 6.Be2 Qc7 7.O-O Nf6 8.Kh1 Be7
9.f4 d6 10.Be3 O-O 11.Qe1 Nxd4 12.Bxd4 b5 13.e5 dxe5 14.fxe5 Nd7 15.Bd3 Bb7
16.Ne4 Rad8 17.Qg3 Bxe4 18.Bxe4 Nc5 19.Qc3 Rd7 20.Bf3 Rc8 21.Qe3 Na4 22.Rad1 Bc5
23.Bxc5 Nxc5 24.h3 Rcd8 25.Rxd7 Rxd7 26.b3 g6 27.h4 Nb7 28.h5 Nd8 29.c4 bxc4
30.Rc1 Nc6 31.Bxc6 Qxc6 32.bxc4 Qa4 33.h6 Rd1+ 34.Kh2 Rxc1 35.Qxc1 Kf8 36.Qc3 Ke8
37.c5 Qxa2 38.c6 Kd8 39.Qb4 Qd5 40.Qb8+ Ke7 41.Qc7+ Ke8 42.Kh3 Qd3+ 43.Kh2 Qd5
44.g3 Qd2+ 45.Kg1  1/2-1/2

[Event "Rubinstein mem"]
[Site "Polanica Zdroj"]
[Date "1983.??.??"]
[Round "15"]
[White "Lukov, Valentin"]
[Black "Abramovic, Bosko"]
[Result "0-1"]
[WhiteElo "2465"]
[BlackElo "2480"]

1.e4 c5 2.Nf3 e6 3.d4 cxd4 4.Nxd4 Nc6 5.Nc3 a6 6.Be2 Qc7 7.Be3 Nf6 8.a3 Be7
9.O-O O-O 10.Kh1 d6 11.f4 Re8 12.Qe1 Nxd4 13.Bxd4 e5 14.fxe5 dxe5 15.Qg3 Bd8
16.Be3 Kh8 17.Rf2 Be6 18.Raf1 Rc8 19.Bg5 Ng8 20.Bd3 Bxg5 21.Qxg5 f6 22.Qh4 Qb6
23.Nd1 Ne7 24.Qh5 Ng6 25.g3 Red8 26.Qe2 Ne7 27.h4 Qd4 28.Ne3 Bh3 29.Rb1 Bg4
30.Qe1 Qb6 31.Kg2 Rd6 32.Nd1 Be6 33.Qe3 Qc6 34.Kg1 Rcd8 35.Re2 b5 36.Nf2 Qb7
37.Rd1 Nc6 38.Ree1 Qd7 39.Qc1 Nd4 40.Qe3 Bg4 41.Nxg4 Qxg4 42.Kf2 Nxc2 43.Bxc2 Rxd1
44.Bxd1 Rxd1 45.Qb6 h5 46.Rxd1 Qxd1 47.Qxa6 Qc2+ 48.Kg1 Qb1+ 49.Kh2 Qxb2+
50.Kh3 Qc1 51.Qa8+ Kh7 52.Kg2 Qd2+ 53.Kf1 Qe3 54.Kg2 Qe2+ 55.Kg1 Qf3 56.Kh2 Qf2+
57.Kh3 Qg1  0-1

[Event "Poznan"]
[Site "Poznan"]
[Date "1983.??.??"]
[Round "1"]
[White "Lanc, Alois"]
[Black "Doda, Zbigniew"]
[Result "1/2-1/2"]
[WhiteElo "2410"]
[BlackElo "2320"]

1.e4 c5 2.Nf3 e6 3.d4 cxd4 4.Nxd4 Nc6 5.Nc3 a6 6.f4 Qc7 7.Nxc6 Qxc6 8.Be2 b5
9.Bf3 Bb7 10.Qe2 Rc8 11.e5 Qc7 12.O-O Nh6 13.Bxb7 Qxb7 14.Ne4 Nf5 15.c3 h5
16.Bd2 Be7 17.b4 Qc6 18.Rfe1 h4 19.Red1 O-O 20.Be1 Rfd8 21.Rd3 d6 22.Bf2 dxe5
23.Rxd8+ Rxd8 24.fxe5 Rd5 25.Nc5 Bxc5  1/2-1/2

[Event "Poznan"]
[Site "Poznan"]
[Date "1983.??.??"]
[Round "5"]
[White "Bielczyk, Jacek"]
[Black "Doda, Zbigniew"]
[Result "1/2-1/2"]
[WhiteElo "2395"]
[BlackElo "2320"]

1.e4 c5 2.Nf3 e6 3.d4 cxd4 4.Nxd4 Nc6 5.Nc3 a6 6.Be2 d6 7.O-O Nf6 8.Be3 Be7
9.f4 O-O 10.Kh1 Qc7 11.a4 Re8 12.Bd3 Nb4 13.Qf3 Bd7 14.Rae1 e5 15.fxe5 dxe5
16.Nf5 Bxf5 17.Qxf5 Rad8 18.Bg5 Nxd3 19.cxd3 Rxd3 20.Nd5 Qd6  1/2-1/2

[Event "Prague"]
[Site "Prague"]
[Date "1983.??.??"]
[Round "8"]
[White "Prandstetter, Eduard"]
[Black "Abramovic, Bosko"]
[Result "0-1"]
[WhiteElo "2430"]
[BlackElo "2475"]

1.e4 c5 2.Nf3 e6 3.d4 cxd4 4.Nxd4 Nc6 5.Nc3 a6 6.Be2 Qc7 7.Be3 Nf6 8.f4 Bb4
9.Bf3 d5 10.e5 Ne4 11.Bxe4 dxe4 12.O-O Bxc3 13.bxc3 Ne7 14.Nb3 Nf5 15.Qe2 b6
16.Bd4 Bb7 17.Nd2 Nxd4 18.cxd4 Qc3 19.Nxe4 Qxd4+ 20.Nf2 O-O 21.Qg4 Rac8 22.Rad1 Qa4
23.Rd3 f5 24.exf6 Rxf6 25.Rg3 Rg6 26.Qh3 Qxc2 27.a3 Bd5 28.Rxg6 Qxg6 29.Ng4 Qe4
30.Qg3 Qd4+ 31.Kh1 Be4 32.f5 Qd3 33.Qf4 exf5 34.a4 h6 35.Ne3 Rc3  0-1

[Event "Prague"]
[Site "Prague"]
[Date "1983.??.??"]
[Round "10"]
[White "Abramovic, Bosko"]
[Black "Damjanovic, Mato"]
[Result "1/2-1/2"]
[WhiteElo "2475"]
[BlackElo "2400"]

1.e4 c5 2.Nf3 e6 3.d4 cxd4 4.Nxd4 Nc6 5.Nc3 a6 6.Be2 Qc7 7.O-O Nf6 8.Kh1 Bb4
9.Bg5 Bxc3 10.Bxf6 gxf6 11.bxc3 b5 12.f4 Bb7 13.Bd3 h5 14.a4 f5 15.Qe2 fxe4
16.Bxe4 Nxd4 17.cxd4 Bxe4 18.Qxe4 Rc8 19.axb5 Qxc2 20.Qxc2 Rxc2 21.Rfc1 Rxc1+
22.Rxc1 Ke7 23.bxa6 Kd6 24.Ra1 Kd5 25.a7 Ra8 26.g3 Kc4 27.Rc1+ Kd5 28.Rc5+ Kxd4
29.Rc7 d5 30.Rxf7 Ke3 31.Kg2 d4 32.Re7 d3 33.Rxe6+ Kd4 34.Rd6+ Kc3 35.Rc6+ Kd4
36.Rd6+ Kc3 37.Kf3 Rxa7 38.f5 d2 39.Kf4 Ra6 40.Rd8 Ra8 41.Rd7  1/2-1/2

[Event "Reggio Emilia8384"]
[Site "Reggio Emilia"]
[Date "1983.??.??"]
[Round "2"]
[White "Gobet, Fernand"]
[Black "Zichichi, Alvise"]
[Result "1-0"]
[WhiteElo "2415"]
[BlackElo "2385"]

1.e4 c5 2.Nf3 e6 3.d4 cxd4 4.Nxd4 Nc6 5.Nc3 d6 6.Be3 Nf6 7.Bc4 a6 8.Qe2 Qc7
9.O-O-O Na5 10.Bd3 b5 11.g4 Be7 12.g5 Nd7 13.f4 b4 14.Nb1 Nc5 15.Nd2 Nxd3+
16.Qxd3 Bb7 17.f5 e5 18.N4b3 Rc8 19.Nxa5 Qxa5 20.f6 gxf6 21.gxf6 Bf8 22.Nc4 Qc7
23.Nb6 Rb8 24.Nd5 Bxd5 25.exd5 Rc8 26.Rhg1 Qc4 27.Qf5 h5 28.Kb1 a5 29.b3 Qa6
30.Rg2 Ra8 31.Bc1 Qc8 32.Qd3 Qa6 33.Rdg1 Qxd3 34.cxd3 h4 35.Rg8 Rh5 36.R1g5 Rh7
37.Rg4 Kd7 38.h3 Rc8 39.Be3 Rh5 40.Rc4 Rb8 41.Bb6 Rxb6 42.Rxf8 Rf5 43.Rxf7+ Ke8
44.Rg7 Kd8 45.Rxh4  1-0

[Event "Reggio Emilia8384"]
[Site "Reggio Emilia"]
[Date "1983.??.??"]
[Round "6"]
[White "Nunn, John DM"]
[Black "Zichichi, Alvise"]
[Result "1/2-1/2"]
[WhiteElo "2590"]
[BlackElo "2385"]

1.e4 c5 2.Nf3 e6 3.d4 cxd4 4.Nxd4 Nc6 5.Nc3 Qc7 6.Be2 a6 7.O-O Nf6 8.Kh1 Nxd4
9.Qxd4 Bc5 10.Qd3 b5 11.f4 Bb7 12.Bf3 h5 13.e5 Ng4 14.Bxb7 Qxb7 15.Ne4 Be7
16.Be3 Rc8 17.Bd4 Nh6 18.c3 Nf5 19.Qf3 Qc6 20.Rad1 b4 21.cxb4 Bxb4 22.a3 Be7
23.b4 h4 24.Bc5 h3 25.g4 Nh4 26.Nd6+ Bxd6 27.Qxc6 Rxc6 28.Rxd6 f5 29.exf6 gxf6
30.Rd3 f5 31.g5 Ng6 32.Rd6 Rh4 33.Rxc6 dxc6 34.Bd6 Kd7 35.Rd1 Ke8 36.Kg1 Kd7  1/2-1/2

[Event "Reggio Emilia8384"]
[Site "Reggio Emilia"]
[Date "1983.??.??"]
[Round "6"]
[White "Mokry, Karel"]
[Black "Gobet, Fernand"]
[Result "1-0"]
[WhiteElo "2450"]
[BlackElo "2415"]

1.e4 c5 2.Nf3 e6 3.d4 cxd4 4.Nxd4 Nc6 5.Nc3 Qc7 6.g3 a6 7.Bg2 d6 8.O-O Be7
9.Nce2 Nf6 10.b3 Bd7 11.c4 O-O 12.Bb2 Rac8 13.Qd2 Rfd8 14.Rac1 Qb8 15.Rfe1 b5
16.cxb5 axb5 17.Bc3 b4 18.Nxc6 Bxc6 19.Bxf6 Bxf6 20.Rc4 d5 21.exd5 Bxd5 22.Bxd5 exd5
23.Rxb4 Qd6 24.Rb5 Rc5 25.Rxc5 Qxc5 26.Rc1 Qa3 27.Rc2 d4 28.Qd3 Qa5 29.h4 h5
30.Nf4 Re8 31.Qd2 Qf5 32.Qd3 Qa5 33.Re2 Rc8 34.Qe4 Rd8 35.Nd3 Qc3 36.Kg2 g6
37.b4 Rd6 38.Rb2 Bg7 39.b5 Re6 40.Qf3 Rf6 41.Qa8+ Kh7 42.Rb3 Qc7 43.Qd5 Rd6
44.Qe4 Re6 45.Qf3 Qa7 46.a3 Rf6 47.Qd5 Rf5 48.Qe4 Qa4 49.Rb4 Qxa3 50.b6 Re5
51.Nxe5 Qxb4 52.Nd7 f5 53.Qd5 d3 54.b7 Be5 55.b8=Q Bxb8 56.Qf7+ Kh8 57.Nf6  1-0

[Event "Reggio Emilia8384"]
[Site "Reggio Emilia"]
[Date "1983.??.??"]
[Round "10"]
[White "Nunn, John DM"]
[Black "Gobet, Fernand"]
[Result "1/2-1/2"]
[WhiteElo "2590"]
[BlackElo "2415"]

1.e4 c5 2.Nf3 e6 3.d4 cxd4 4.Nxd4 Nc6 5.Nc3 Qc7 6.f4 a6 7.Be2 d6 8.Be3 Nf6
9.O-O Be7 10.Qe1 O-O 11.Qg3 Nxd4 12.Bxd4 b5 13.a3 Bb7 14.Rae1 Rac8 15.Kh1 g6
16.f5 e5 17.Be3 d5 18.exd5 Nxd5 19.Nxd5 Bxd5 20.Bh6 Rfe8 21.Bg4 Rcd8 22.Qxe5 Qxe5
23.Rxe5 Bf6 24.Rxe8+ Rxe8 25.c3 gxf5 26.Bf3 Bc4 27.Rc1 Be5 28.g3 Bc7 29.Rd1 Bb6
30.Kg2 Re6 31.Bc1 Kg7 32.Kh3 Bc5 33.b4 Be3 34.Re1 Bb6 35.Rxe6 fxe6 36.Bb7 Kg6
37.Kg2 a5 38.bxa5  1/2-1/2

[Event "Rome-B"]
[Site "Rome"]
[Date "1983.??.??"]
[Round "?"]
[White "Gobet, Fernand"]
[Black "Bruno, Fabio"]
[Result "1-0"]
[WhiteElo "2410"]
[BlackElo "2295"]

1.e4 c5 2.Nf3 e6 3.d4 cxd4 4.Nxd4 Nc6 5.Nc3 d6 6.Be3 Nf6 7.Bc4 Qc7 8.Qe2 a6
9.O-O-O Be7 10.Bb3 O-O 11.Kb1 b5 12.Nxc6 Qxc6 13.Bd4 Bb7 14.Rhe1 Rfe8 15.f4 Rad8
16.a3 h6 17.g4 e5 18.fxe5 dxe5 19.Bxe5 Nxe4 20.Nd5 Bd6 21.Qxe4 Rxe5 22.Qxe5 Bxe5
23.Ne7+ Kf8 24.Nxc6 Rxd1+ 25.Rxd1 Bxc6 26.h4 Ke7 27.Bd5 Bd7 28.Bf3 Be6 29.h5 Bc7
30.c3 f5 31.Re1 Kf6 32.gxf5 Bxf5+ 33.Be4 Bg4 34.Bg6 Bd6 35.b4 Kg5 36.Rg1 Be5
37.Kb2 Kf4 38.Re1 Bf6 39.Kc2 Kg5 40.Rg1 Kf4 41.Kd3 Be6  1-0

[Event "Sarajevo"]
[Site "Sarajevo"]
[Date "1983.??.??"]
[Round "?"]
[White "Kurajica, Bojan"]
[Black "Bistric, Faruk"]
[Result "1-0"]
[WhiteElo "2510"]
[BlackElo "2325"]

1.e4 c5 2.Nf3 e6 3.d4 cxd4 4.Nxd4 Nc6 5.Nc3 d6 6.Be2 Be7 7.O-O Nf6 8.Kh1 O-O
9.f4 Qc7 10.Bf3 a6 11.Nxc6 bxc6 12.Na4 Bb7 13.c4 d5 14.e5 Ne4 15.Be3 Rac8
16.Bb6 Qb8 17.Bxe4 dxe4 18.c5 f5 19.exf6 Rxf6 20.Qd7 Bf8 21.Nc3 Rf7 22.Qd2 e5
23.f5 Be7 24.Nxe4 Rcf8 25.Qd3 Rxf5 26.Rxf5 Rxf5 27.Nd6 Rf6 28.Qb3+ Kf8 29.Ba5 Bxd6
30.cxd6 c5 31.d7 Bxg2+ 32.Kg1  1-0

[Event "BCF-ch"]
[Site "Southport"]
[Date "1983.??.??"]
[Round "5"]
[White "Pritchett, Craig William"]
[Black "Cummings, David H"]
[Result "1-0"]
[WhiteElo "2400"]
[BlackElo "2360"]

1.e4 c5 2.Nf3 e6 3.d4 cxd4 4.Nxd4 Nc6 5.Nc3 a6 6.Be2 Qc7 7.O-O Nf6 8.Kh1 Bb4
9.Qd3 O-O 10.f4 d6 11.Be3 Bd7 12.Rad1 Na5 13.Bd2 Bc5 14.Be1 Nc6 15.Nb3 Rad8
16.Bh4 Kh8 17.e5 Nb4 18.Qg3 Nfd5 19.Nxd5 Nxd5 20.Bxd8 Rxd8 21.Nxc5 Qxc5 22.Qh4 Rc8
23.Bd3 f5 24.exf6 Nxf6 25.Rde1 Qb4 26.b3 a5 27.Re3 Rc5 28.Qe1 Qd4 29.h3 b5
30.Rg3 b4 31.Rg5 h6 32.Rxc5 Qxc5 33.Kh2 Qd4 34.Qe2 Kg8 35.Qf3 d5 36.Qe2 Ne4
37.Bxe4 Qxe4 38.Qxe4 dxe4 39.Kg3 Kf7 40.Kf2 Bc6 41.Ke3 Bd5 42.Ra1  1-0

[Event "BCF-ch"]
[Site "Southport"]
[Date "1983.??.??"]
[Round "11"]
[White "Hebden, Mark"]
[Black "Kosten, Anthony C"]
[Result "1-0"]
[WhiteElo "2495"]
[BlackElo "2395"]

1.e4 c5 2.Nc3 e6 3.Nf3 Nc6 4.d4 cxd4 5.Nxd4 d6 6.Be2 Nf6 7.O-O Be7 8.Be3 O-O
9.Qe1 e5 10.Nxc6 bxc6 11.Rd1 Be6 12.Kh1 Qb8 13.b3 Re8 14.f4 exf4 15.Bxf4 Nd7
16.Qg3 Ne5 17.Bxe5 dxe5 18.Bg4 Qc8 19.Bf5 Bb4 20.Na4 Qc7 21.Nb2 f6 22.Bxe6+ Rxe6
23.Qd3 Qf7 24.Qc4 Bf8 25.Rd2 Rae8 26.Rfd1 f5 27.exf5 Qxf5 28.Rf1 Qg6 29.Nd3 Kh8
30.Rdf2 Be7 31.Nc5 Bxc5 32.Qxc5 h6 33.Qxa7 e4 34.Qe3 Kh7 35.g3 Re5 36.a4 Qd6
37.Rd2 Rd5 38.Rff2 Qe5 39.Kg2 Re7 40.c4 Rdd7 41.Rfe2 Rxd2 42.Rxd2 g5 43.Qd4 Qb8
44.Qf6 Qe5 45.Qxe5 Rxe5 46.Kf1 e3 47.Rd7+ Kg6 48.Ke2 Kf5 49.Rd3 Kg4 50.Rxe3 Rf5
51.Kd3 Kh3 52.b4 Kxh2 53.b5 cxb5 54.axb5 h5 55.b6 Rf1 56.Kc2 Rf2+ 57.Kc3 Rf1
58.b7 Rb1 59.Re2+  1-0

[Event "URS-FL"]
[Site "Tallinn"]
[Date "1983.??.??"]
[Round "?"]
[White "Kholmov, Ratmir D"]
[Black "Lerner, Konstantin Z"]
[Result "0-1"]
[WhiteElo "2475"]
[BlackElo "2495"]

1.e4 c5 2.Nf3 Nc6 3.d4 cxd4 4.Nxd4 e6 5.Nc3 a6 6.g3 Nge7 7.Bg2 Nxd4 8.Qxd4 Nc6
9.Qd3 Be7 10.Be3 Qc7 11.f4 d6 12.O-O O-O 13.Rad1 b5 14.a4 bxa4 15.Nxa4 Rb8
16.Rf2 Rd8 17.b3 Nb4 18.Qd2 a5 19.c3 Na6 20.Qc2 Bd7 21.Bf1 Bxa4 22.bxa4 Nc5
23.Bb5 Rbc8 24.c4 Qb7 25.Bxc5 Rxc5 26.Qd3 g6 27.Re2 Rdc8 28.Kg2 R8c7 29.h4 Qc8
30.Rdd2 Bf8 31.Rf2 Be7 32.Rfe2 Qf8 33.Qc3 Ra7 34.Qe3 Ra8 35.Qd3 Qh6 36.Qf3 Rac8
37.Qc3 Ra8 38.e5 dxe5 39.Rxe5 Qf8 40.Rxc5 Bxc5 41.Rd7 Bb6 42.Qe5 Qa3 43.h5 Qa2+
44.Kh3  0-1

[Event "Tilburg"]
[Site "Tilburg"]
[Date "1983.??.??"]
[Round "?"]
[White "Van der Wiel, John TH"]
[Black "Andersson, Ulf"]
[Result "1-0"]
[WhiteElo "2515"]
[BlackElo "2640"]

1.e4 c5 2.Nf3 e6 3.d4 cxd4 4.Nxd4 Nc6 5.Nc3 a6 6.Bf4 d6 7.Nxc6 bxc6 8.Bc4 Nf6
9.Qe2 Be7 10.O-O-O d5 11.Rhe1 Bb7 12.g4 O-O 13.g5 Nd7 14.exd5 cxd5 15.Nxd5 Bxd5
16.Bxd5 Bxg5 17.Bxa8 Bxf4+ 18.Kb1 Qc7 19.Be4 Nc5 20.Rd4 Rb8 21.Rc4 g6 22.c3 a5
23.h4 Qb6 24.Rd1 Be5 25.Rd2 Bf4 26.Rc2 Qd6 27.h5 Bg5 28.hxg6 hxg6 29.Rd4 Qe7
30.Bc6 Bf6 31.Rd1 Qc7 32.Bb5 Kg7 33.a4 Rh8 34.Qf3 Rh4 35.Rh1 Rxh1+ 36.Qxh1 Qf4
37.Qc6 Ne4 38.Qb6 Qf3 39.Re2 Nxc3+ 40.bxc3 Qxc3 41.Qe3 Qa1+ 42.Kc2 Qb2+ 43.Kd1 Qa1+
44.Qc1 Qd4+ 45.Ke1 Qg4 46.Qe3 Qg1+ 47.Kd2 Qg4 48.Kd1 Qg1+ 49.Kc2 Qg4 50.Rd2 Qh5
51.Rd3 Qg4 52.Qf3 Qg5 53.Kd1 Qe5 54.Qe3 Qh5+ 55.Ke1 Qh1+ 56.Ke2 Qh5+ 57.Qf3 Qg5
58.Be8 Kf8 59.Bxf7 Kxf7 60.Rd7+ Ke8 61.Qc6 Qg4+ 62.f3  1-0

[Event "Trnava"]
[Site "Trnava"]
[Date "1983.??.??"]
[Round "?"]
[White "Ornstein, Axel"]
[Black "Banas, Jan"]
[Result "0-1"]
[WhiteElo "2450"]
[BlackElo "2325"]

1.e4 c5 2.Nf3 Nc6 3.d4 cxd4 4.Nxd4 e6 5.Nc3 a6 6.f4 Qc7 7.Nxc6 Qxc6 8.Bd3 b5
9.a3 Bb7 10.O-O Nf6 11.Qe2 Be7 12.Bd2 g6 13.Kh1 h5 14.Rf3 Rc8 15.Raf1 d5
16.exd5 Nxd5 17.Nxb5 Qb6 18.Qe5 f6 19.Qe2 axb5 20.Bxg6+ Kf8 21.Rb3 Qc6 22.Rxb5 Ba6
23.Bd3 Bxb5 24.Bxb5 Qxc2 25.Qxe6 Rd8 26.Ba5 Rd6 27.Qh3 Qxb2 28.Bc4 Qd4 29.Bb3 Ne3
30.Qc8+ Kg7  0-1

[Event "Trnava"]
[Site "Trnava"]
[Date "1983.??.??"]
[Round "?"]
[White "Vogt, Lothar"]
[Black "Schmidt, Wlodzimierz"]
[Result "1/2-1/2"]
[WhiteElo "2510"]
[BlackElo "2450"]

1.e4 c5 2.Nf3 e6 3.d4 cxd4 4.Nxd4 Nc6 5.Nc3 a6 6.Be2 d6 7.O-O Nf6 8.Be3 Be7
9.f4 O-O 10.Kh1 Bd7 11.a4 Qc7 12.Nb3 b6 13.Bf3 Rab8 14.Qe2 Na5 15.Nd2 Bc6
16.Qf2  1/2-1/2

[Event "Tirnavia-B"]
[Site "Trnava"]
[Date "1983.??.??"]
[Round "2"]
[White "Mokry, Karel"]
[Black "Doda, Zbigniew"]
[Result "1/2-1/2"]
[WhiteElo "2435"]
[BlackElo "2320"]

1.e4 c5 2.Nf3 e6 3.d4 cxd4 4.Nxd4 Nc6 5.Nc3 a6 6.g3 d6 7.Bg2 Bd7 8.O-O Nf6
9.Nde2 Be7 10.h3 Qc7 11.g4 h6 12.f4 g5 13.Be3 gxf4 14.Nxf4 Ne5  1/2-1/2

[Event "Vrnjacka Banja"]
[Site "Vrnjacka Banja"]
[Date "1983.??.??"]
[Round "2"]
[White "Barlov, Dragan"]
[Black "Schmidt, Wlodzimierz"]
[Result "1/2-1/2"]
[WhiteElo "2435"]
[BlackElo "2450"]

1.e4 c5 2.Nf3 e6 3.d4 cxd4 4.Nxd4 Nc6 5.Nc3 a6 6.f4 Qc7 7.Nxc6 bxc6 8.e5 d5
9.exd6 Bxd6 10.Ne4 Be7 11.Bd3 Nf6 12.Qf3 Bb7 13.O-O O-O 14.Be3 c5 15.Nxf6+ Bxf6
16.Qh5 g6 17.Qxc5 Qd7 18.Rad1 Rfc8 19.Qb6 Rab8 20.Bxa6 Qe7 21.Bxb7 Rxb7 22.Qa6 Bxb2
23.Rb1 Rxc2 24.Rf2 Rxf2 25.Bxf2 Rd7 26.Qc4 Qd8  1/2-1/2

[Event "Vrnjacka Banja"]
[Site "Vrnjacka Banja"]
[Date "1983.??.??"]
[Round "4"]
[White "De Firmian, Nick E"]
[Black "Krnic, Zdenko"]
[Result "0-1"]
[WhiteElo "2475"]
[BlackElo "2430"]

1.e4 c5 2.Nf3 Nc6 3.d4 cxd4 4.Nxd4 e6 5.Nc3 a6 6.g3 Nxd4 7.Qxd4 Ne7 8.Be3 b5
9.f4 Nc6 10.Qd3 Be7 11.Bg2 Bb7 12.O-O d6 13.Rad1 Qc7 14.Qe2 O-O 15.Qf2 Rac8
16.Bb6 Qb8 17.Rd2 Qa8 18.Re1 Nb8 19.Qe2 Nd7 20.Bd4 e5 21.Bf2 Nf6 22.fxe5 dxe5
23.g4 h6 24.Nd5 Nxd5 25.exd5 Rfd8 26.Red1 Bg5 27.Be3 Bf6 28.Be4 Rc4 29.Qf3 Rd6
30.c3 a5 31.a3 Qc8 32.Rd3 b4 33.cxb4 axb4 34.b3 Rxe4 35.Qxe4 bxa3 36.Bc1 a2
37.Ba3 Ra6 38.Bb2 Qc2 39.Ba1 Rd6 40.Qc4 Qe2 41.R3d2 Qe3+ 42.Kg2 e4 43.Qe2 Qg5
44.Rxa2 e3 45.Kg1 Bxa1 46.Raxa1 Rxd5 47.Ra4 Rxd1+ 48.Qxd1 Qf6  0-1